Statistics for Answers Contain "Cardinal"

Click here to take the quiz!

General Stats

  • This quiz has been taken 85 times
  • The average score is 6 of 13

Answer Stats

HintAnswer% Correct
Pride, greed, wrath, envy, lust, gluttony, slothcardinal sin
95%
North, south, east, westcardinal direction
91%
Amethyst, diamond, emerald,
ruby, sapphire
cardinal gem
72%
As opposed to an ordinal onecardinal number
64%
Major league baseball team in the National LeagueSt. Louis Cardinals
50%
Prudence, justice, fortitude, temperancecardinal virtue
47%
Major league football teamArizona Cardinals
45%
French clergyman and statesman (1585-1642)Cardinal {Richelieu}
31%
Group that elects the popeCollege of Cardinals
27%
14th highest revenue company in the USACardinal {Health}
9%
British television sketch show (2012-present)
Cardinal {Burns}
9%
Tom Clancy's sequel to The Hunt for Red OctoberThe Cardinal of the {Kremlin}
9%
In math, the "number of elements" of a set{cardinality}
7%

Score Distribution

Percentile by Number Answered

Percent of People with Each Score

Your Score History

You have not taken this quiz